000 00272nam a22001217a 4500
008 170411b xxu||||| |||| 00| 0 eng d
041 _aalb
080 _a612.39
100 _a10
101 _aSHM
245 _aPATATJA DHE KULTIVIMI I SAJ
_cRUSINOVCI, I
942 _2udc
_cBK
999 _c10387
_d10387